000
00219nam a22000857a 4500
008
170209b xxu||||| |||| 00| 0 eng d
100
_9
2844
_a
CBSE
245
_a
Assessment of P.S. in Science-X
260
_a
New Delhi
_b
CBSE
_c
2008
999
_c
6062
_d
6062